Statistics for NBA Team Playoff Games Played Leaders

Click here to take the quiz!

General Stats

  • This quiz has been taken 88 times
    (57 since last reset)
  • The average score is 23 of 32

Answer Stats

GPTeamPlayer% Correct
152CavaliersLeBron James
100%
251SpursTim Duncan
100%
179BullsMichael Jordan
98%
182JazzJohn Stockton
96%
220LakersKobe Bryant
96%
57ClippersDeAndre Jordan
94%
24PelicansDavid West
93%
145MavericksDirk Nowitzki
93%
158WarriorsKlay Thompson
93%
98ThunderRussell Westbrook
93%
140RocketsHakeem Olajuwon
91%
68NuggetsNikola Jokić
91%
171HeatDwyane Wade
89%
144PacersReggie Miller
89%
47TimberwolvesKevin Garnett
87%
135KnicksPatrick Ewing
87%
14176ersJulius Erving
80%
94Trail BlazersClyde Drexler
78%
78NetsJason Kidd
76%
172CelticsJohn Havlicek
74%
57MagicDwight Howard
70%
84RaptorsKyle Lowry
69%
62GrizzliesZach Randolph
57%
119WizardsWes Unseld
52%
105SunsKevin Johnson
50%
120PistonsRichard Hamilton
46%
88BucksSidney Moncrief
33%
78NetsRichard Jefferson
28%
58KingsVlade Divac
28%
90HawksCliff Hagan
9%
32HornetsDavid Wesley
9%
98ThunderNate McMillan
7%

Score Distribution

Percentile by Number Answered

Percent of People with Each Score

Your Score History

You have not taken this quiz since the last reset